<?xml version='1.0' encoding='UTF-8'?>
  <record xmlns="http://www.loc.gov/MARC21/slim">
    <leader>00000cam a22000007i 4500</leader>
    <controlfield tag="001">ocm65690106</controlfield>
    <controlfield tag="003">OCoLC</controlfield>
    <controlfield tag="005">20250531133929.2</controlfield>
    <controlfield tag="008">911003m17111716gw            000 0 ger d</controlfield>
    <datafield tag="040" ind1=" " ind2=" ">
      <subfield code="a">NLGGC</subfield>
      <subfield code="b">dut</subfield>
      <subfield code="e">fobidrtb</subfield>
      <subfield code="c">NLGGC</subfield>
      <subfield code="d">OCLCO</subfield>
      <subfield code="d">OCLCQ</subfield>
      <subfield code="d">OCLCL</subfield>
      <subfield code="d">OCLCQ</subfield>
      <subfield code="d">OCLCL</subfield>
    </datafield>
    <datafield tag="029" ind1="0" ind2=" ">
      <subfield code="a">NLGGC</subfield>
      <subfield code="b">086975544</subfield>
    </datafield>
    <datafield tag="029" ind1="1" ind2=" ">
      <subfield code="a">GEBAY</subfield>
      <subfield code="b">7024781</subfield>
    </datafield>
    <datafield tag="035" ind1=" " ind2=" ">
      <subfield code="a">(OCoLC)65690106</subfield>
    </datafield>
    <datafield tag="082" ind1="1" ind2="4">
      <subfield code="a">720.943</subfield>
      <subfield code="q">OCoLC</subfield>
      <subfield code="1">https://id.oclc.org/worldcat/ddc/E3Fkv3C8tJXbwg4B8D48HWdJjX</subfield>
    </datafield>
    <datafield tag="100" ind1="1" ind2=" ">
      <subfield code="a">Decker, Paul,</subfield>
      <subfield code="c">d. Ä.,</subfield>
      <subfield code="d">1677-1713.</subfield>
      <subfield code="1">https://id.oclc.org/worldcat/entity/E39PBJp9rMpBhxWjrxkPDHmPQq</subfield>
    </datafield>
    <datafield tag="245" ind1="1" ind2="0">
      <subfield code="a">Fürstlicher Baumeister, oder: Architectura civilis :</subfield>
      <subfield code="b">wie grosser Fürsten und Herren Palläste mit ihren Höfen, Lust-Häusern, Gärten, Grotten, Orangerien und anderen darzu gehörigen Gebäuden füglich anzulegen und nach heutiger Art auszuzieren : zusamt den Grund-Rissen und Durchschnitten, auch vornehmsten Gemächern und Säälen eines ordentlichen fürstlichen Pallastes /</subfield>
      <subfield code="c">inventirt und gezeichnet durch P. Decker.</subfield>
    </datafield>
    <datafield tag="246" ind1="3" ind2=" ">
      <subfield code="a">Fürstlicher Baumeister</subfield>
    </datafield>
    <datafield tag="260" ind1=" " ind2=" ">
      <subfield code="a">Augspurg :</subfield>
      <subfield code="b">verlegt von J. Wolff [etc.],</subfield>
      <subfield code="c">1711-1716.</subfield>
    </datafield>
    <datafield tag="300" ind1=" " ind2=" ">
      <subfield code="a">2 dl. en bijv. :</subfield>
      <subfield code="b">ill. ;</subfield>
      <subfield code="c">in-2 obl.</subfield>
    </datafield>
    <datafield tag="336" ind1=" " ind2=" ">
      <subfield code="a">tekst</subfield>
      <subfield code="b">txt</subfield>
      <subfield code="2">rdacontent/dut</subfield>
    </datafield>
    <datafield tag="337" ind1=" " ind2=" ">
      <subfield code="a">zonder medium</subfield>
      <subfield code="b">n</subfield>
      <subfield code="2">rdamedia/dut</subfield>
    </datafield>
    <datafield tag="338" ind1=" " ind2=" ">
      <subfield code="a">band</subfield>
      <subfield code="b">nc</subfield>
      <subfield code="2">rdacarrier/dut</subfield>
    </datafield>
    <datafield tag="500" ind1=" " ind2=" ">
      <subfield code="a">Bevat: I. [1.] Zonder deeltitel. - [2.] Des fürstlichen Baumeisters Anhang zum ersten Theil, welcher nicht allein den zum fürstlichen Pallast gehörigen Triumph-Bogen, Ehren-Saul, Garten etc. sondern auch einige andere fürstliche Lust-Häuser vorstellet. II. Des fürstlichen Baumeisters, oder Architecturae civilis anderer Theil, welcher eines königlichen Pallastes General-Prospect, Grund und Aufzug sammt den vornehmsten Gemächern, Lust-Brunnen, Garten- und Lust-Gebäuden etc. vorstellet.</subfield>
    </datafield>
    <datafield tag="700" ind1="1" ind2=" ">
      <subfield code="a">Wolff, J.</subfield>
    </datafield>
    <datafield tag="710" ind1="0" ind2=" ">
      <subfield code="a">Wolff, Jeremias (Augsburg)</subfield>
      <subfield code="4">prt</subfield>
      <subfield code="0">(NL-LeOCL)077132750</subfield>
    </datafield>
    <datafield tag="710" ind1="0" ind2=" ">
      <subfield code="a">Detlefsen, Peter (Augsburg)</subfield>
      <subfield code="4">prt</subfield>
      <subfield code="0">(NL-LeOCL)190862343</subfield>
    </datafield>
    <datafield tag="936" ind1=" " ind2=" ">
      <subfield code="a">BATCHLOAD</subfield>
    </datafield>
  </record>